Les 26 lettres de l'alphabet - Statistiques

Statistiques générales
  • Ce quiz a été pris 167 fois
  • Le résultat moyen est 22 sur 26
Statistiques - réponses
Hint Définition % Correct
B3 - bouche de l'oiseau Bec
99%
F4 - on le regarde au cinéma Film
99%
H4 - avant aujourd'hui Hier
99%
K4 - 1000 grammes Kilo
98%
D2 - il a six faces
97%
J4 - sport de combat Judo
97%
M6 - habitation Maison
97%
G6 - abri de voiture Garage
96%
Z3 - parc animalier Zoo
96%
O6 - il vole Oiseau
95%
E3 - elle coule de source Eau
94%
W5 - voiture sur rail Wagon
94%
I6 - matière d'éléphant Ivoire
93%
Y4 - organes de la vision Yeux
93%
P7 - Picasso Peintre
91%
S5 - ivre Saoul
90%
T5 - danse d'Argentine Tango
89%
C4 - c'est le patron Chef
80%
R5 - on la prend pour les vacances Route
77%
L5 - oeuf de pou Lente
75%
A4 - envoyé de Dieu Ange
72%
Q10 - muscle Quadriceps
69%
X5 - vin d'Espagne Xérès
61%
N5 - au milieu de la pêche Noyau
51%
U4 - opposé à l'adret Ubac
39%
V4 - femme fatale Vamp
28%
Aucun quiz correspondant
Distribution des résultats
% des personnes avec chaque résultat
Percentile par nombre de réponses
Votre historique - résultats
Vous n’avez pas pris ce quiz